000 00485nam a2200181Ia 4500
001 8806
005 20260306160637.0
008 260306t2017||||xx |||||||||||||| ||spa||
041 _aESP
082 _a371.36
_bI35
100 _aIglesias Muñiz, Jesús C.
_eAUT
245 0 _aAprendizaje cooperativo:
_bteoría y práctica en las diferentes áreas y materias del currículum
260 _c2017
300 _a
_c24 cm.
650 _aGEN
654 _aCED
942 _cLIB
_dJUS
_fJUS
_2ddc
_n
999 _c8806
_d8806